书目信息 |
| 题名: |
“一带一路”国际文化交流与经济发展
|
|
| 作者: | 张耀一 , 李晨 著 | |
| 分册: | ||
| 出版信息: | 北京 中国纺织出版社 2019 |
|
| 页数: | 332页 | |
| 开本: | 26cm | |
| 丛书名: | ||
| 单 册: | ||
| 中图分类: | F125.5 , G115 | |
| 科图分类: | ||
| 主题词: | “一带一路”--“yi dai yi lu ”--国际合作--经济发展--研究 , 文化交流--wen hua jiao liu--研究--世界 | |
| 电子资源: | ||
| ISBN: | 978-7-5180-4685-0 | |
| 000 | 01405nam0 2200289 450 | |
| 001 | 012001010137 | |
| 005 | 20140102163201.0 | |
| 010 | @a978-7-5180-4685-0@dCNY99.00 | |
| 099 | @aCAL 012019015087 | |
| 100 | @a20190130d2019 em y0chiy50 ea | |
| 101 | 0 | @achi |
| 102 | @aCN@b110000 | |
| 105 | @aak a 000yy | |
| 106 | @ar | |
| 200 | 1 | @a“一带一路”国际文化交流与经济发展@A“yi dai yi lu ”guo ji wen hua jiao liu yu jing ji fa zhan@f张耀一, 李晨著 |
| 210 | @a北京@c中国纺织出版社@d2019 | |
| 215 | @a332页@c图@d26cm | |
| 320 | @a有书目 (第331-332页) | |
| 330 | @a《“一带一路”国际文化交流与经济发展》阐述了中国政府提出“一带一路”建设的时代背景以及战略建设的目的和原则, 分析了“一路一带”战略倡议的认知误区以及“一路一带”建设的重要意义。全书在深入理解“一带一路”的基础上, 重点阐述了国际文化交流以及贸易发展现状和趋势研究以及“一带一路”建设的优先产业、实施的重点环节和关键产业, 同时解读了“一路一带”战略下的全球共同发展, 最后探讨了“一带一路”建设的机遇、发展的挑战以及全球合作共赢的新助力。本书显著的特点是论述科学严谨, 系统性强, 注重理论结合实践, 十分具有参考价值。 | |
| 606 | 0 | @a“一带一路”@A“yi dai yi lu ”@x国际合作@x经济发展@x研究 |
| 606 | 0 | @a文化交流@Awen hua jiao liu@x研究@y世界 |
| 690 | @aF125.5@v5 | |
| 690 | @aG115@v5 | |
| 701 | 0 | @a张耀一@AZhang Yaoyi@4著 |
| 701 | 0 | @a李晨@ALi Chen@4著 |
| 801 | 2 | @aCN@b上海新华@c20191020 |
| 905 | @b1135747-50@dF125.5@e359@f4 | |
| “一带一路”国际文化交流与经济发展/张耀一, 李晨著.-北京:中国纺织出版社,2019 |
| 332页:图;26cm |
| ISBN 978-7-5180-4685-0:CNY99.00 |
| 《“一带一路”国际文化交流与经济发展》阐述了中国政府提出“一带一路”建设的时代背景以及战略建设的目的和原则, 分析了“一路一带”战略倡议的认知误区以及“一路一带”建设的重要意义。全书在深入理解“一带一路”的基础上, 重点阐述了国际文化交流以及贸易发展现状和趋势研究以及“一带一路”建设的优先产业、实施的重点环节和关键产业, 同时解读了“一路一带”战略下的全球共同发展, 最后探讨了“一带一路”建设的机遇、发展的挑战以及全球合作共赢的新助力。本书显著的特点是论述科学严谨, 系统性强, 注重理论结合实践, 十分具有参考价值。 |
| ● |
| 相关链接 |
|
|
|
|
正题名:"一带一路"国际文化交流与经济发展
索取号:F125.5/359
 
预约/预借
| 序号 | 登录号 | 条形码 | 馆藏地/架位号 | 状态 | 备注 |
| 1 | 1135747 | 211357477 | 第一样本阅览室/ [索取号:F125.5/359] | 在馆 | |
| 2 | 1135748 | 211357486 | 第一借阅区/ [索取号:F125.5/359] | 在馆 | |
| 3 | 1135749 | 211357495 | 第一借阅区/ [索取号:F125.5/359] | 在馆 | |
| 4 | 1135750 | 211357501 | 第一借阅区/ [索取号:F125.5/359] | 在馆 |